| 000 | 00000nam 2200000za 4500 |
| 001 | 9.630367 |
| 003 | CaOODSP |
| 005 | 20221107134306 |
| 007 | cr ||||||||||| |
| 008 | 150407s2000||||oncab|||osb f000 0 fre d |
| 020 | |z0-662-64714-9 |
| 040 | |aCaOODSP|bfre |
| 043 | |an-cn--- |
| 086 | 1 |aR62-323/2000-2F-IN|zR62-323/2000-1 |
| 245 | 00|aIntacts pour les générations futures? |nVolume II, |pUne nouvelle orientation pour les parcs nationaux du Canada |h[ressource électronique] : |bprotection de l'intégrité écologique par les parcs nationaux du Canada / |cCommission sur l'intégrité écologique des parcs nationaux du Canada. |
| 246 | 30|aProtection de l'intégrité écologique par les parcs nationaux du Canada |
| 246 | 30|aNouvelle orientation pour les parcs nationaux du Canada |
| 260 | |aOttawa : |bLa Commission, |cc2000. |
| 300 | |a1 vol. En pagination multiple. [290] p. : |bIll. en coul. |
| 500 | |aPubl. aussi en anglais sous le titre: Unimpaired for future generations? Volume II, Setting a new direction for Canada's national parks. |
| 500 | |aTitre de l'écran-titre. |
| 504 | |aComprend des réf. bibliogr. |
| 530 | |aÉgalement publ. en version imprimée. |
| 692 | 07|2gccst|aÉcologie |
| 692 | 07|2gccst|aParc national |
| 692 | 07|2gccst|aProtection de l'environnement |
| 710 | 2 |aCommission sur l'intégrité écologique des parcs nationaux du Canada. |
| 710 | 2 |aParcs Canada. |
| 775 | 08|tUnimpaired for future generations? |w(CaOODSP)9.685778 |
| 856 | 40|qPDF|s7.76 Mo|uhttps://publications.gc.ca/collections/collection_2017/pc/R62-323-2000-2-fra.pdf |